000 00605nam a2200229Ia 4500
003 OSt
005 20220918174228.0
006 a|||||r|||| 00| 0
007 ta
008 220917b |||||||| |||| 00| 0 eng d
024 _a11,208
037 _cTextual
040 _aARTS
_cARTS
_beng
041 _2eng
_aeng
082 _aMF95u1:N5, K1
100 _aWykes-Joyce Max
_949614
245 0 _aCosmetics and adornment
_b Ancient and contemporary usage
260 _c1961
650 _aINDUSTRIAL ARTS
942 _hMF95u1:N5, K1
_cTEXL
_2CC
999 _c152323
_d152323